000 00653nam a2200229Ia 4500
003 OSt
005 20220926011834.0
006 a|||||r|||| 00| 0
007 ta
008 220923b |||||||| |||| 00| 0 eng d
037 _cGeneral Book
040 _aRTL
_cRTL
_beng
041 _2eng
_aeng
082 _aX:89Q8.73.N7, L9
100 _aSmith Martin R
_9128013
245 0 _aQuality sense
_b Organizational approaches to improv
260 _aNew York
_bAmacom USA
_c1979
300 _axiv, 194p.
_ccm.
650 _aQuality Control
942 _hX:89Q8.73.N7, L9
_cGB
_2CC
999 _c621131
_d621131